| 000 | 02405nam a22005891i 4500 | ||
|---|---|---|---|
| 001 | fwb00000775 | ||
| 003 | CtWfDGI | ||
| 005 | 20230530113605.0 | ||
| 006 | m aq h | ||
| 007 | cs nzannnauuuu | ||
| 007 | sz zunznnnzned | ||
| 008 | 211206s2021 ohua a 000 1 eng d | ||
| 020 |
_a9781668605158 _q(Wonderbook) : _c$49.99 |
||
| 020 |
_z9781484712757 _q(print) |
||
| 028 | 0 | 1 |
_aWB000775 _bFindaway World |
| 035 | _a(OCoLC)1288577658 | ||
| 040 |
_aCtWfDGI _beng _erda _cCtWfDGI |
||
| 050 | 1 | 4 |
_aPZ7.P6898 _bGo 2021d |
| 082 | 0 | 4 |
_a[E] _223 |
| 100 | 1 |
_aPizzoli, Greg, _eauthor, _eillustrator. _95891618 |
|
| 245 | 1 | 0 |
_aGood night owl / _cGreg Pizzoli. |
| 264 | 1 |
_aSolon, Ohio : _bFindaway World, LLC, _c[2021] |
|
| 300 |
_a1 Wonderbook (1 volume (unpaged)) : _bcolor illustrations ; _c26 cm |
||
| 336 | _aspoken word | ||
| 336 | _astill image | ||
| 336 | _atext | ||
| 337 | _aaudio | ||
| 337 | _aunmediated | ||
| 338 | _aother | ||
| 338 | _avolume | ||
| 344 |
_adigital _bnon-volatile flash memory _2rda |
||
| 347 |
_aaudio file _bMP3 _2rda |
||
| 500 | _aRelease date supplied by publisher. | ||
| 500 | _aPrint book published: Los Angeles : Disney Hyperion, [2016]. | ||
| 500 | _aAudiobook originally released by Hachette Audio. | ||
| 500 | _aIssued as a Wonderbook, a pre-loaded audiobook player permanently attached to a hardcover book. | ||
| 500 | _aPowered by a rechargeable battery ; USB charger required for recharging. | ||
| 500 | _aAudiobook player has 2 modes. Read-Along mode narrates the story. Learning mode asks questions related to the story. | ||
| 511 | 0 | _aRead by Paul Bellantoni. | |
| 520 | _aOwl takes drastic measures to have a good night's sleep. | ||
| 521 | 0 | _aPre-K to 1. | |
| 586 | _aA Junior Library Guild selection (JLG) | ||
| 650 | 0 |
_aOwls _vJuvenile fiction. _95702979 |
|
| 650 | 0 |
_aBedtime _vJuvenile fiction. _95674587 |
|
| 650 | 0 |
_aNoise _vJuvenile fiction. _95703270 |
|
| 655 | 7 |
_aPicture books. _2lcgft |
|
| 655 | 7 |
_aChildren's audiobooks. _2lcgft _95675081 |
|
| 700 | 1 |
_aBellantoni, Paul, _enarrator. _96070980 |
|
| 710 | 2 |
_aFindaway World, LLC. _95674726 |
|
| 776 | 0 | 8 |
_iPrint version: _aPizzoli, Greg, _tGood night owl. _dLos Angeles : Disney Hyperion, [2016] _z9781484712757 _w(DLC) 2015011769 |
| 945 | _c(OCoLC)1288577658 | ||
| 999 |
_c384692 _d384692 |
||